El Médico general: una respuesta al futuro. Seminario

Uloženo v:
Podrobná bibliografie
Korporativní autor: Asociación Colombiana de Facultades de Medicina
Médium: Neznámo
Vydáno: Bogotá: Editorial Andes
Tagy: Přidat tag
Žádné tagy, Buďte první, kdo vytvoří štítek k tomuto záznamu!

MARC

LEADER 00000 a2200000 04500
001 19084
003
008 991231s d
040
090 |a 018216  
110 |a Asociación Colombiana de Facultades de Medicina  
245 |a El Médico general: una respuesta al futuro. Seminario  
260 |a Bogotá:   |b Editorial Andes  
300 |a 348 p.  
999 |c 12153  |d 12153